Paulo Fonseca's Porto - Statistics

General Stats
  • This quiz has been taken 5 times
  • The average score is 17 of 28
Answer Stats
Rank Player Position Nationality Matches Goals Assists % Correct
1 Alex Sandro Left-Back 36 0 4
100%
6 Eliaquim Mangala Centre-Back 31 4 2
100%
15 Héctor Herrera Central Midfield 20 1 3
100%
2 Jackson Martínez Centre-Forward 36 21 1
100%
19 Ricardo Pereira Right-Back 12 1 1
100%
3 Danilo Centre-Back 35 2 5
75%
5 Fernando Defensive Midfield 33 1 1
75%
7 Helton Goalkeeper 30 0 0
75%
17 Juan Fernando Quintero Attacking Midfield 19 2 2
75%
20 Kelvin Right Winger 9 1 2
75%
10 Lucho González Central Midfield 26 4 4
75%
11 Steven Defour Defensive Midfield 22 1 1
75%
4 Varela Left Winger 34 9 6
75%
21 Fabiano Goalkeeper 7 0 0
50%
24 Jorge Fucile Right-Back 2 0 0
50%
9 Josué Attacking Midfield 28 5 8
50%
8 Licá Left Winger 29 4 4
50%
14 Maicon Centre-Back 20 1 2
50%
28 Marat Izmailov Attacking Midfield 1 0 0
50%
12 Nabil Ghilas Centre-Forward 21 2 3
50%
13 Nicolás Otamendi Centre-Back 20 1 3
50%
18 Ricardo Quaresma Right Winger 12 5 2
50%
22 Abdoulaye Ba Centre-Back 4 0 0
25%
23 Diego Reyes Centre-Back 4 0 0
25%
16 Eduardo Attacking Midfield 19 3 5
25%
26 Juan Iturbe Right Winger 1 0 0
25%
27 Mikel Agu Defensive Midfield 1 0 0
25%
25 Víctor García Right-Back 1 0 0
25%
No matching quizzes found
Score Distribution
Percent of People with Each Score
Percentile by Number Answered
Your Score History
You have not taken this quiz